000 00606nam a22002057a 4500
003 OSt
005 20251124151901.0
008 251124b |||||||| |||| 00| 0 eng d
020 _a971-086-866-7.
040 _aDWCL-Main lib.
_cOC
082 _22nd ed.
_aFil. 370 T917f 2008
100 _aTulio, Doris D.
245 _aFoundations of education 2/
_cDoris D. Tulio
250 _a2nd ed.
260 _aMandaluyong City :
_bNational Book Store,
_c c2008.
300 _a250 p. ;
_c22 cm.
504 _aIncludes bibliographical references.
650 _aEducation.
942 _2ddc
_cBK - FIL
_hFil.
_n0
999 _c6120
_d6120